000 00449nam a2200157Ia 4500
005 20250630032756.0
008 240331s9999 xx 000 0 und d
020 _a9552108829
082 _bDES
_a891
100 _aDe Silva,R
245 0 _aEdiriweera Sarathchandra natya yugaya
260 _aNugegoda
_bM.D.Gunasena & Co
_c1997
300 _a198 p .,
500 _aThe Ediriweera Sarachchandra Drama Era - 1947 - 1997 ( The Second Half)
942 _cL
999 _c4932
_d4932